People on Time Covers 2018 - Statistics

General Stats
  • This quiz has been taken 15 times
  • The average score is 10 of 30
Answer Stats
Hint Person % Correct
American politician, media personality, businessman and 45th president Donald Trump
100%
An African American actress, she is married to the fifth in line to the British throne. Meghan Markle
100%
Fifth in the line of succession to the British throne, he is married to an African American actress Prince Harry
100%
American politician, diplomat, and businessman who served as the 41st US president George H W Bush
80%
Supreme leader of North Korea since 2011 and the leader of the Workers' Party of Korea (WPK) since 2012. Kim Jong Un
80%
Swiss former professional tennis player. he was ranked world No. 1 in singles for 310 weeks Roger Federer
70%
Australian-American actress and producer. Starred in Days of Thunder, Eyes Wide Shut, and Moulin Rouge, the Paper Boy and the Killing of a Sacred Deer. Nicole Kidman
60%
American lawyer and jurist serving as an associate justice of the Supreme Court of the United States. Nominated by President Donald Trump, he was confirmed despite four sexual assault accusations. Brett Kavanaugh
50%
American singer and actress. A Latin pop culture icon, she is one of the most influential entertainers in the world, credited for helping propel the Latin pop movement in American music. Singles include "If You Had My Love", "I'm Real", "Ain't It Funny" and "All I Have". Jennifer Lopez
50%
Female Democratic American politician who served as the 52nd speaker of the United States House of Representatives from 2007 to 2011 and again from 2019 to 2023. Nancy Pelosi
50%
American former professional tennis player. Regarded as one of the greatest tennis players of all time,[ she was ranked world No. 1 in singles for 319 weeks. Serena Williams
50%
American film director, producer, screenwriter, and actor. His work has continually explored race relations, issues within the black community, the role of media in contemporary life, urban crime and poverty, and other political issues. His work includes She's Gotta Have It, Jungle Fever, and Malcolm X Spike Lee
50%
American actress, writer, and director. Her works include Francis Ha, Isle of Dogs, Lady Bird, and Little Women. Greta Gerwig
40%
Crown Prince and Prime Minister of Saudi Arabia, Considered the de facto ruler of Saudi Arabia, being deemed as such even before his appointment as prime minister in 2022. Mohammed bin Salman
40%
American stand-up comedienne and actress. Her first leading role was in the comedy film Girls Trip. Later starred in Keanu, Night School, Nobody's Fool and The Kitchen. Tiffany Haddish
30%
Saudi journalist, dissident, author, columnist for Middle East Eye and The Washington Post, and a general manager and editor-in-chief of Al-Arab News Channel who was assassinated at the Saudi consulate in Istanbul by agents of the Saudi government. The Guardians persons of the year. Jamal Khashoggi
20%
American politician, lawyer, voting rights activist, and author who served in the Georgia House of Representatives from 2007 to 2017, serving as minority leader from 2011 to 2017. She founded Fair Fight Action, an organisation to address voter suppression, in 2018 Stacey Abrams
20%
American activist and advocate against gun violence who co-founded the student-led gun violence prevention advocacy group Never Again. He helped organize the March for Our Lives nationwide student protest in March 2018. He survived the Stoneman Douglas High School shooting Alex Wind
0%
American activist and advocate against gun violence who co-founded the student-led gun violence prevention advocacy group Never Again. He helped organize the March for Our Lives nationwide student protest in March 2018. A survivor of the Stoneman Douglas High School shooting Cameron Kasky
0%
American professor of psychology at Palo Alto University. She alleged that U.S. Supreme Court nominee Brett Kavanaugh sexually assaulted her in Bethesda, Maryland, when they were teenagers. Christine Blasey Ford
0%
American activist and advocate for gun control. In 2018, he survived the Stoneman Douglas High School shooting, and, in response, co-founded the gun-control advocacy group Never Again. David Hogg
0%
Versailles, Kentucky history teacher who sold her blood twice a week to make ends meet. Hope Brown
0%
American activist and advocate for gun control. In 2018, she survived the Stoneman Douglas High School shooting, and, in response, co-founded the gun-control advocacy group Never Again. Jaclyn Corin
0%
American politician and attorney who served as the 84th United States attorney general from 2017 to 2018. He previously served as United States senator from Alabama from 1997 to 2017 Jeff Sessions
0%
Myanmar Reuters journalist who was arrested on 12 December 2017 in Myanmar because of their investigation into the Inn Din massacre. The Guardians persons of the year Kyaw Soe Oo
0%
Filipino and American journalist arrested and convicted by Philippine authorities due to accusations she published a false news story under the controversial Anti-Cybercrime law, a move condemned by human rights groups and journalists as an attack on press freedom. The Guardians persons of the year. Maria Ressa
0%
Indian-American business executive, chairman and CEO of Microsoft. Satya Nadella
0%
American activist from New York City, who started the MeToo movement. In 2006, she began using MeToo to help other women with similar experiences to stand up for themselves. A decade later, #MeToo became a viral hashtag when Alyssa Milano and other women began using it to tweet about Harvey Weinstein. Tarana Burke
0%
Myanmar Reuters journalist who was arrested on 12 December 2017 in Myanmar because of their investigation into the Inn Din massacre. The Guardians persons of the year Wa Lone
0%
American activist and advocate for gun control. In 2018, they survived the Stoneman Douglas High School shooting, andin response, co-founded the gun-control advocacy group Never Again MSD. Well known for proclaiming "We call B.S." on the lack of action by politicians funded by the NRA, X Gonzalez
0%
No matching quizzes found
Score Distribution
Percent of People with Each Score
Percentile by Number Answered
Your Score History
You have not taken this quiz